Statistics for Elephant Knowledge

Click here to take the quiz!

General Stats

  • This quiz has been taken 21,668 times
  • The average score is 13 of 19

Answer Stats

HintAnswer% Correct
Fictional elephant who could fly, thanks to his gigantic earsDumbo
96%
Country with the most Asian elephantsIndia
93%
Tiny animal that elephants are supposedly afraid ofMice
92%
Valuable, and illegal, white material made from elephant tusksIvory
89%
Close relative of the elephant that lived in cold climates and went extinct around 1650 BCMammoth
88%
Period of time that lasts two years in elephants - longer than in any other animalGestation
86%
American political party symbolized by an elephantThe Republican
Party
83%
Part of an elephant's body that is prehensile, and also known as a proboscisThe Trunk
83%
Country with the most elephants (hint: starts with B)Botswana
82%
Substance that elephants use as sunscreenMud
82%
General from Carthage who employed elephants when he attacked the Roman RepublicHannibal
66%
Term for a male elephantBull
64%
M word that refers to the old female elephant who leads a groupMatriarch
57%
Well-known Hindu god who has the head of an elephant=Ganesh
44%
Type of elephants considered sacred in Thailand{White} Elephants
44%
What elephants are unable to do - unlike almost all mammalsJump
41%
Fictional elephant who is a beloved children's character in FranceBabar
38%
More-distant elephant relative that went extinct around 10,000 BCMastodon
28%
Monster of Greek mythology who may have been invented by people who
saw elephant skulls
Cyclops
23%

Score Distribution

Percentile by Number Answered

Percent of People with Each Score

Your Score History

You have not taken this quiz